Central Library OPAC University of Rajshahi

Copper as an alloying element in steel and cast iron / (Record no. 12990)

MARC details
000 -LEADER
fixed length control field 00896nam a22002892 4500
001 - CONTROL NUMBER
control field 12990
003 - CONTROL NUMBER IDENTIFIER
rucl marc code BD-RjUL
005 - DATE AND TIME OF LATEST TRANSACTION
control field 20211208235403.0
008 - FIXED-LENGTH DATA ELEMENTS--GENERAL INFORMATION
fixed length control field 140130s1948 nyua b 001 0 eng
035 ## - SYSTEM CONTROL NUMBER
System control number (BD-RjUL)13040
040 ## - CATALOGING SOURCE
Original cataloging agency KSU
Transcribing agency KSU
Modifying agency EQO
-- BD-RjUL
Language of cataloging eng
041 ## - LANGUAGE CODE
Language code of text/sound track or separate title eng
082 ## - DEWEY DECIMAL CLASSIFICATION NUMBER
Edition number 19
Classification number 669.961
Author mark and year LOC 1948
100 1# - MAIN ENTRY--PERSONAL NAME
Personal name Lorig, C. H.
Dates associated with a name 1900-
Fuller form of name Clarence Herman,
9 (RLIN) 40490
245 00 - TITLE STATEMENT
Title Copper as an alloying element in steel and cast iron /
Statement of responsibility, etc. by C. H. Lorig and R. R. Adams.
250 ## - EDITION STATEMENT
Edition statement 1st ed.
260 ## - PUBLICATION, DISTRIBUTION, ETC. (IMPRINT)
Place of publication, distribution, etc. New York :
Name of publisher, distributor, etc. McGraw-Hill Book Co.,
Date of publication, distribution, etc. 1948.
300 ## - PHYSICAL DESCRIPTION
Pagination xii, 213 p. :
Illustrations ill. ;
Size 24 cm.
504 ## - BIBLIOGRAPHY, ETC. NOTE
Bibliography, etc Includes bibliographical references and index.
650 #0 - SUBJECT ADDED ENTRY--TOPICAL TERM
Topical term or geographic name as entry element Copper steel.
9 (RLIN) 40491
Topical term or geographic name as entry element Iron alloys.
9 (RLIN) 40492
Topical term or geographic name as entry element Copper alloys.
9 (RLIN) 40493
700 1# - ADDED ENTRY--PERSONAL NAME
Personal name Adams, R. R.
Fuller form of name Robert
942 ## - ADDED ENTRY ELEMENTS (KOHA)
Source of classification or shelving scheme Dewey Decimal Classification
Koha item type Books
Holdings
Lost status Source of classification or shelving scheme Damaged status Not for loan Collection code Permanent Location Current Location Shelving location Date acquired Source of acquisition Cost, normal purchase price Total Checkouts Full call number Date last seen Copy number Koha item type
  Dewey Decimal Classification   Not For Loan Non-fiction Central Library, University of Rajshahi Central Library, University of Rajshahi Reading Room 22/02/1958 USIS 0.00   669.961 LOC 1948 30/01/2014 C-1 Books